01064nam a2200289 i 45000010005000000030009000050050017000140070003000310080041000340200018000750800017000931000024001102450148001342500016002822600048002983000022003464900029003685000013003976100041004106510046004517000034004977000036005318300037005678520033006049990015006379520122006528765ES-MaACL20230906145526.0t|920928s1992 xxk ||||1| eng d a0-631-17695-0 a330.191.6(4)1 aMinc, Alain.98131314aThe Great European illusion b: business in the wider community /cAlain Minc ; with a foreword by Ronnie Lessem ; translated by Lindsey Jones. a[1st. ed.]. aOxford ; aCambridge : bBlackwell, c1992. a257 p. ; c24 cm.1 aDevelopmental management aIndices.27aComunidad Económica Europea.93130 4aEuropa-xIntegración económica.986161 aLessem, Ronnie, epr.91957791 aJones, Lindsey, etrad.91957800 aDevelopmental management9227998 aES-MaACLjL-16050 bR.120871 c8765d8765 00104070aATENEOMbATENEOMcDEPO2d2008-01-17eSCl0oL-16050p1008951r2023-02-23 00:00:00w2023-02-23yMONOGRAFIA